| 000 | 00375pab a2200157 454500 | ||
|---|---|---|---|
| 008 | 180718b1990 xxu||||| |||| 00| 0 eng d | ||
| 100 | _aCosta, Frank J. | ||
| 245 | _aThe growth of metro systems in Madrid, Rome and Athens | ||
| 260 | _c1990 | ||
| 300 | _a224-9 | ||
| 362 | _aAug. | ||
| 650 | _aRailways | ||
| 700 | _aAllen G. Noble | ||
| 773 | _aCities | ||
| 909 | _a17664 | ||
| 999 |
_c17664 _d17664 |
||